000 00430nam a2200169 a 4500
001 0000-9354
003 ELIB.Books
008 110520 1962
035 _a(ELIB.Books)0000-9506
082 _a260
_bHar
100 _aHarrington, Janette T.
245 _aWho Cares?
260 _bNew York: Friendship Press
_c1962
650 _aChristian Church - Society
942 _2ddc
_cBK
998 _cbat
_e2011-05-20
999 _c9354
_d9354